| 000 | 00582nam a22001577a 4500 | ||
|---|---|---|---|
| 008 | 150618b xxu||||| |||| 00| 0 eng d | ||
| 020 | _a9781259010033 | ||
| 050 | _aPE 1001 .L897 te3wb 2014 | ||
| 100 | _aLoveday, Peter | ||
| 245 |
_aTakeaway english 3 _b: english for success : workbook / _cPeter Loveday ; Melissa Koop ; Sally Trowbridge ; Edward Scarry .-- |
||
| 260 |
_aNew York : _bMcGraw-Hill _cc2014 |
||
| 300 |
_a92 pages., _billustrations., ; _c27 cm. _eWorkbook |
||
| 650 | _aLanguage | ||
| 700 | _aKoop, Melissa., Trowbridge, Sally., Scarry, Edward. | ||
| 942 |
_2lcc _cBK |
||
| 999 |
_c288269 _d288269 |
||